000 00312nam a2200109Ia 4500
008 171211s9999 xx 000 0 und d
245 _aImplementing Microsoft Dynamics NAV, Third Edition
245 _cAlex Chow
260 _c2016
650 _xSOFTWARE
856 _uhttp://down.ebook777.com/061/9781784397555.pdf
999 _c349362
_d349362